Fables de La Fontaine : Le Lion et le Rat - Statistiques

Statistiques générales
  • Ce quiz a été pris 131 fois
  • Le résultat moyen est 54 sur 125
Statistiques - réponses
% Correct
Lion
97%
Rat
95%
le
90%
Le
90%
a
84%
à
84%
De
83%
de
83%
et
78%
que
77%
plus
72%
petit
65%
Un
65%
des
63%
la
63%
soi.
62%
ce
59%
Ce
59%
d’un
59%
besoin
56%
On
55%
les
53%
en
50%
Il
49%
il
49%
dans
48%
souvent
48%
ne
47%
temps
47%
fut
44%
ni
44%
Roi
44%
animaux,
43%
cette
43%
pas
43%
Patience
42%
pris
41%
force
40%
longueur
40%
rage.
40%
ses
40%
terre
38%
Font
37%
dents
36%
lui
36%
sortit
36%
par
35%
pattes
35%
était,
34%
foi,
34%
tout
34%
Entre
33%
maille
29%
qu’il
29%
rets,
29%
vie.
29%
Tant
28%
tant
28%
donna
27%
assez
26%
Montra
26%
deux
24%
Dont
24%
eût
24%
feront
24%
occasion,
24%
Qu’un
24%
l’étourdie.
23%
vérité
23%
affaire ?
22%
Fables
22%
fit
22%
monde :
22%
Sire
22%
sortir
22%
faut,
21%
peut,
21%
abonde.
20%
forêts
20%
rugissements
20%
bienfait
19%
chose
19%
cru
19%
emporta
19%
l’ouvrage.
19%
accourut,
17%
défaire.
17%
perdu.
17%
purent
17%
advint
16%
aurait-
16%
Cependant
16%
preuves
16%
qu’au
16%
qu’on
16%
Qu’une
16%
rongée
16%
jamais
15%
autant
14%
Quelqu’un
13%
obliger
9%
Aucun quiz correspondant
Distribution des résultats
% des personnes avec chaque résultat
Percentile par nombre de réponses
Votre historique - résultats
Vous n’avez pas pris ce quiz